| 000 | 00747nam a2200205 4500 | ||
|---|---|---|---|
| 999 |
_c165324 _d165324 |
||
| 005 | 20190613154010.0 | ||
| 010 | _aENG-125593 | ||
| 020 |
_a9788182094307 _c350.00 |
||
| 035 | _aEN-109125 | ||
| 037 | _bDBAD/PUB | ||
| 082 | _a658.575 | ||
| 100 | _aAnandan, C | ||
| 245 |
_aProduct management / _cby C Anandan [and] M Prasanna Mohan Raj |
||
| 260 |
_aChennai _bVijay Nicole Imprints _c2016 |
||
| 270 |
_aNo. 936, Second Floor, Jayadurga Complex, Bazar Road _bRam Nagar, (Opp. Reliance Fresh ), Chennai _e600091 _mvni@vijaynicole.co.in _k91-44-43869302, 42837178 |
||
| 300 |
_a266p.. _c25cm(pbk) |
||
| 500 | _aIncludes bibliographical references and index | ||
| 700 | _aPrasanna, Mohan Raj M | ||
| 942 |
_2ddc _cEN _h658.575 _mANA |
||